000 00881nam a22002417a 4500
003 BUBTL
008 230226b ||||| |||| 00| 0 eng d
020 _a9789844329959
040 _aBUBTL
_dBUBTL
082 _a954.9205/ M3111m/ 2020
100 _95185
_aMamoon, Muntassir
245 _aMedia and the Liberation War of Bangladesh Volume-27 /
_c Muntassir Mamoon, Mahbubar Rahman
250 _a1st Edn
260 _aDhaka:
_bAnanya,
_cc2020
300 _axxviii, 304 p.:
_e25 cm.
505 _aMedia and the Liberation War of Bangladesh, Media, Liberation War, Bangladesh, Muntassir Mamoon, Mahbubur Rahman, মুক্তিযুদ্ধ
650 0 _94963
_aLiberation war
650 0 _91755
_aমুক্তিযুদ্ধ
700 _95195
_aRahman, Mahbubar
856 _k0
_l0
_yDownload
942 _2ddc
_cBK
999 _c6957
_d6957